000 00590nam a22001697a 4500
003 OSt
005 20171010095535.0
008 121012t xxu||||| |||| 00| 0 eng d
040 _aMMSU
_cULS
100 _aAdap, Jeffrey V., et al.
_913477
245 _aDesign, fabrication and evaluation of a charcoal briquetting machine
_cJeffrey V. Adap, et al.
260 _c2008
300 _axiv, [76] leaves
_c28 cm.
500 _aThesis (BS Mechanical Engineering) -- Mariano Marcos State University-College of Engineering, Batac City
504 _aBibliography: leaf 65
942 _2ddc
_cTHEDIS
999 _c9836
_d9836